000 00382nam a22001577a 4500
020 _a978-81-264-1683-7
082 _aM3
_bGEO/P
100 _aGeorge Onakkoor
245 _aParvathangalile kattu/
_cby George Onakkoor
260 _aKottayam:
_bD C,
_c2012.
300 _a147p.
650 _aNovel Malayalam
650 _aLiterature Malayalam
650 _aLiterature
942 _cBK
999 _c52713
_d52713